| 000 | 00864nam a22002057a 4500 | ||
|---|---|---|---|
| 999 |
_c2234 _d2234 |
||
| 003 | AR-CdUCM | ||
| 008 | 190304b ||||| |||| 00| 0 spa d | ||
| 040 |
_aMUNICIPALIDAD PROVINCIAL DEL CUSCO _cBIBLIOTECA MUNICIPAL DEL CUSCO |
||
| 082 |
_a333.09 / _bS55 |
||
| 100 |
_aSilva Herzog, Jesús _95012 |
||
| 245 |
_aEl agrarismo mexicano y la reforma agraria : _bExposición y critica / |
||
| 260 |
_aMexico, D. F : _bFondo de Cultura Económica, _c1959. |
||
| 300 |
_a602 paginas ; _c22 cm. |
||
| 505 | _aLa propiedad de la tierra entre los Aztecas y mayas -- Los decretos y disposiciones agraristas de Hidalgo y Morelos -- Las intervenciones en materia de propiedad de Arriaga -- El proceso de México durante el porfirismo ... | ||
| 650 |
_aAgricultura y Estado _94586 |
||
| 650 |
_aMéxico _918 |
||
| 650 |
_aHistoria _9136 |
||
| 942 |
_2ddc _cLIBROS |
||
| 945 | _aacv | ||